000 00673cam a22002292 4500
001 0000005442
005 20170406120702.0
008 150106s xx 000 0 eng d
020 _c$
040 _aYour Holding Symbol
_cYour Holding Symbol
100 1 _aFlannery Austin.
245 1 0 _aVatican Council ii :
_bthe counciliar and post counciliar documents.
250 _a ed.
260 _aIreland :
_bdominican publications,
_c1975.
300 _a1062 p. ;
_c cm.
504 _aindex.
650 0 _avatican.
908 _a150106
999 _c5240
_d5240